| 000 | 01039 a2200217 4500 | ||
|---|---|---|---|
| 001 | 31649 | ||
| 005 | 20260407155620.0 | ||
| 008 | 260407a1981 arg spa d | ||
| 003 | AR-UNSa-BCEJYS | ||
| 040 |
_aAR-UNSa-BCEJYS _bspa _cAR-UNSa-BCEJYS |
||
| 080 |
_a658 _xAdministración de empresas. Organización comercial |
||
| 245 | 1 | 0 | _aIntroducción a la teoría general de la administración |
| 264 | 1 |
_aBogotá : _bMcGraw-Hill _c1981 |
|
| 300 |
_a586 p. _c23 cm. |
||
| 505 | _a1. Introducción a la teoría de la administración - 2. Orígenes de la administración - 3. Enfoque clásico de la administración - 4. Enfoque humorístico de la administración - 5. Enfoque estructuralista de la administración - 6. La escuela neoclásica de la administración - 7. Enfoque rehaviorista de la administración - 8. La escuela sistematica de la administración | ||
| 942 | _cBK | ||
| 590 | _aniveau_biblio:m niveau_hierar:0 | ||
| 100 | 1 | _aChiavenato, Idalberto | |
| 700 | 1 | _aFittipaldi de Ruiz, Maria Isabel | |
| 700 | 1 | _aMejia Maya, Luis | |
| 999 |
_c2202 _d2202 |
||